[Event "ESP-ch Seniors 65+"]
[Site "Altea"]
[Date "2017.10.07"]
[Round "1"]
[White "Alamillo Sanz, Ildefonso"]
[Black "Serra Olives, Tomas"]
[Result "0-1"]
[WhiteElo "1803"]
[BlackElo "2146"]
[PlyCount "44"]
[EventDate "2017.10.07"]
[EventType "swiss"]
[EventRounds "9"]
[EventCountry "ESP"]
[SourceTitle "CBM 181 Extra"]
[Source "ChessBase"]
[SourceDate "2017.12.12"]
[SourceVersion "1"]
[SourceVersionDate "2017.12.12"]
[SourceQuality "1"]

1. e4 c5 2. c3 e5 3. Bc4 Nf6 4. d3 Nc6 5. f4 d5 6. exd5 Nxd5 7. Qf3 Nf6 8. Bb5 Bd7 9. a4 Bd6 10. Ne2 0-0 11. f5 a6 12. Bxc6 Bxc6 13. Qh3 c4 14. 0-0 cxd3 15. Ng3 e4 16. Be3 Qe7 17. Kh1 Bc5 18. Bg5 e3 19. Nh5 e2 20. Nd2 exf1Q+ 21. Rxf1 Qe2 22. Ng3 Qg4 0-1

[Event "Castellon Region-ch"]
[Site "Vila Real"]
[Date "2015.10.31"]
[Round "4"]
[White "Aymerich Rosell, Pablo"]
[Black "Alamillo Sanz, Ildefonso"]
[Result "1-0"]
[WhiteElo "2218"]
[BlackElo "1982"]
[PlyCount "75"]
[EventDate "2015.10.03"]
[EventType "swiss"]
[EventRounds "7"]
[EventCountry "ESP"]
[SourceTitle "EXT 2024"]
[Source "ChessBase"]
[SourceDate "2023.10.10"]
[SourceVersion "1"]
[SourceVersionDate "2023.10.10"]
[SourceQuality "1"]

1. Nf3 f5 2. e4 fxe4 3. Ng5 Nf6 4. d3 e5 5. Nc3 d5 6. dxe4 h6 7. Nf3 Bg4 8. h3 Bxf3 9. Qxf3 d4 10. Nb1 Nbd7 11. Bc4 Qe7 12. 0-0 0-0-0 13. c3 Kb8 14. Rd1 g5 15. Qf5 Qh7 16. cxd4 Qxf5 17. exf5 Nb6 18. Be6 exd4 19. Nd2 Bg7 20. Nf3 Ne4 21. Re1 Nc5 22. Ne5 Nxe6 23. fxe6 Rde8 24. f4 gxf4 25. Bxf4 Nd5 26. Bd2 Kc8 27. Nf7 Rhf8 28. Nxh6 Ne3 29. e7 Rh8 30. Bxe3 dxe3 31. Nf5 Bxb2 32. Rab1 Ba3 33. Rb3 Bc5 34. Kf1 Rh7 35. Rb5 b6 36. Rxc5 bxc5 37. Rxe3 Rf7 38. g4 1-0